[Event "TCh-CRO Ia Liga 2013"]
[Site "Bol CRO"]
[Date "2013.09.17"]
[Round "4.5"]
[White "Berescu,A"]
[Black "Popovic,Du"]
[Result "0-1"]
[WhiteElo "2470"]
[BlackElo "2568"]

1.e4 c5 2.Nf3 d6 3.d4 cxd4 4.Nxd4 Nf6 5.Nc3 a6 6.Be3 e5 7.Nb3 Be6 8.h3 h5
9.Qd2 b5 10.O-O-O Nbd7 11.f4 Rc8 12.Kb1 Be7 13.Bd3 h4 14.Rhe1 O-O 15.f5 Bc4
16.g4 hxg3 17.Rg1 Nh5 18.Be2 Ndf6 19.Bf3 Qc7 20.Rc1 d5 21.Nxd5 Bxd5 22.exd5 e4
23.Bxh5 Nxh5 24.Qe2 Nf6 25.Bd4 Rfe8 26.Qe3 Bd6 27.Qe2 Nxd5 28.Qg4 f6 29.c3 a5
30.Rce1 b4 31.Rxe4 bxc3 32.Rxe8+ Rxe8 33.Qf3 c2+ 34.Ka1 Qc4 35.Bc3 Nxc3 36.Qxc3 Qxc3
37.bxc3 Ba3  0-1

[Event "TCh-CRO Ia Liga 2013"]
[Site "Bol CRO"]
[Date "2013.09.18"]
[Round "5.2"]
[White "Popovic,Du"]
[Black "Brkic,A"]
[Result "1/2-1/2"]
[WhiteElo "2568"]
[BlackElo "2578"]

1.e4 c5 2.Nf3 d6 3.d4 cxd4 4.Nxd4 Nf6 5.Nc3 a6 6.Be3 Ng4 7.Bc1 Nf6 8.h3 e5
9.Nde2 h5 10.Bg5 Be6 11.f4 Nbd7 12.f5 Bc4 13.Ng3 Rc8 14.Qf3 Qa5 15.Bd2  1/2-1/2

[Event "XV Villa Martelli ITT"]
[Site "Villa Martelli ARG"]
[Date "2013.09.19"]
[Round "5.1"]
[White "Mayorga,N"]
[Black "Contin,D"]
[Result "1-0"]
[WhiteElo "2313"]
[BlackElo "2325"]

1.e4 c5 2.Nf3 d6 3.d4 cxd4 4.Nxd4 Nf6 5.Nc3 a6 6.Be3 e6 7.g4 d5 8.e5 Ne4
9.Nxe4 dxe4 10.Bg2 Qd5 11.Qd2 Qxe5 12.O-O-O Be7 13.Bf4 Qd5 14.Qc3 Qc5 15.Qg3 Nd7
16.Nb3 Qb5 17.Bxe4 a5 18.Bd3 Qc6 19.Nd4 Qa4 20.Nb5 O-O 21.Nc3 Qb4 22.a3 Qb6
23.Bc7 Qc5 24.Ne4 Qc6 25.Bd6 Bxd6 26.Qxd6 Nf6 27.Nxf6+ gxf6 28.Bxh7+ Kg7
29.Qd3 Qc5 30.Be4 Ra6 31.f4 Rb6 32.Rhf1 Rh8 33.Rf3 Rxh2 34.Rh3 Rxh3 35.Qxh3 Rd6
36.Bd3 Qd4 37.Qh7+ Kf8 38.Qh8+ Ke7 39.Qxc8 Qxf4+ 40.Kb1 b6 41.Qc7+ Kf8 42.Rh1 f5
43.Rf1 Qg3 44.Qc8+ Ke7 45.gxf5 exf5 46.Qxf5 f6 47.Qf4 Rxd3 48.Qe4+  1-0

[Event "Dnipropetrovsk A 2013"]
[Site "Dnipropetrovsk UKR"]
[Date "2013.09.21"]
[Round "8.2"]
[White "Doluhanova,E"]
[Black "Petrenko,S"]
[Result "1/2-1/2"]
[WhiteElo "2323"]
[BlackElo "2184"]

1.e4 c5 2.Nf3 d6 3.d4 cxd4 4.Nxd4 Nf6 5.Nc3 a6 6.Be3 e5 7.Nf3 Be7 8.Bc4 O-O
9.O-O Nc6 10.Bb3 Na5 11.Qe2 Nxb3 12.axb3 Bd7 13.Rfd1 h6 14.Ne1 Bc6 15.Nd3 Qc7
16.Nb4 Rac8 17.f3 Rfe8 18.Qf2 Bf8 19.Bb6 Qd7 20.Rd2 Qe6 21.Rad1 Nd7 22.Ncd5 Bxd5
23.Nxd5 Qg6 24.Qg3 Qxg3 25.hxg3 Rc6 26.Bf2 h5 27.c3 f6 28.Ne3 Kf7 29.b4 Nb6
30.Rd3 Nc4 31.Nxc4 Rxc4 32.Ra1 Rc6 33.Rd5 b5 34.Kf1 Ke6 35.Ke2 f5 36.Rdd1 fxe4
37.fxe4 Be7 38.Be3 Ra8 39.Kd3 d5 40.exd5+ Kxd5 41.Ke2+ Ke4 42.Rd7 Bf6 43.Rh1 g6
44.Rf1 Re8 45.Rf7 Ree6 46.Rf8 Be7 47.Re8 Bf6 48.Rg8 Be7 49.Re8 Bf6 50.Rg8 Be7
51.Re8  1/2-1/2

[Event "Dnipropetrovsk A 2013"]
[Site "Dnipropetrovsk UKR"]
[Date "2013.09.22"]
[Round "9.3"]
[White "Orlyanskaya,D"]
[Black "Sukhareva,E"]
[Result "1/2-1/2"]
[WhiteElo "2053"]
[BlackElo "2215"]

1.e4 c5 2.Nf3 d6 3.d4 cxd4 4.Nxd4 Nf6 5.Nc3 a6 6.Be3 e5 7.Nb3 Be6 8.f3 Nbd7
9.Qd2 Rc8 10.g4 Nb6 11.Na5 Qc7 12.Qf2 Nfd7 13.Nb3 Nc4 14.Bxc4 Qxc4 15.O-O-O Be7
16.Kb1 O-O 17.g5 b5 18.Nd5 Bd8 19.h4 a5 20.Nc1 a4 21.Qe2 Qc6 22.Nb4 Qb7 23.a3 Rc4
24.c3 Re8 25.h5 Be7 26.g6 fxg6 27.hxg6 hxg6 28.Qg2 Nf8 29.Qh2 Rec8 30.Nd5 Bxd5
31.Rxd5 Qb8 32.Nd3 Ne6 33.Nb4 Rf8 34.Qh7+ Kf7 35.Rh6 Bf6 36.Qxg6+ Ke7 37.Rh7 Rh8
38.Rd1 Rxh7 39.Nd5+ Kd7 40.Qxh7 Kc6 41.Nxf6 gxf6 42.Qe7 Nc5 43.Bxc5 Rxc5
44.Qxf6 Qc7 45.Rg1 Kb6 46.Rg7 Qb8 47.Rd7 Rc6 48.Qe7 Kc5 49.Qf7 Kb6 50.Ka1 Qc8
51.Qe7 Qb8 52.Rd8 Qc7 53.Rd7 Qb8 54.Qf7 Qc8 55.Kb1 Qb8 56.Kc2 Qc8 57.Re7 Qb8
58.Qe6 Qh8 59.Qd7 Qb8 60.Rg7 Qa8 61.Kb1 Qb8 62.Re7 Kc5 63.Qe6 Kb6 64.Rg7 Qh8
65.Qf7 Qb8 66.Rg8 Qc7 67.Qf8 Qb7 68.Rg7 Qc8 69.Qf7 Qb8 70.Kc2 Qa8 71.Rg8 Qb7
72.Qxb7+ Kxb7 73.Rg7+ Kb6 74.Rf7 Rc8 75.b4 Rg8 76.Rf6 Kc7 77.f4 Rg2+ 78.Kb1 Rg1+
79.Kc2 Rg2+ 80.Kb1 Rg1+  1/2-1/2

[Event "Werder Bremen GM 2013"]
[Site "Bremen GER"]
[Date "2013.09.24"]
[Round "4.1"]
[White "Ohme,M"]
[Black "Joachim,S"]
[Result "1/2-1/2"]
[WhiteElo "2350"]
[BlackElo "2422"]

1.e4 c5 2.Nf3 d6 3.d4 cxd4 4.Nxd4 Nf6 5.Nc3 a6 6.Be3 e6 7.Be2 Nbd7 8.f4 b5
9.Bf3 Bb7 10.e5 Bxf3 11.Qxf3 dxe5 12.Nc6 Qc7 13.Nxe5 Rc8 14.Nxd7 Qxd7 15.a3 Qc6
16.O-O Bc5 17.Bxc5 Qxf3 18.Rxf3 Rxc5 19.b4 Rc4 20.a4 O-O 21.axb5 axb5 22.Nxb5 Rxb4
23.Na3 Ra8 24.Rb1 Rba4 25.g3 g6 26.Nb5 Rd8 27.Rd3 Rc8 28.Rb2 Ne4 29.Rd4 Rxd4
30.Nxd4 Kg7 31.Nf3 h6 32.Ne5 Rc7 33.Rb4 Nd6 34.Rd4 Nf5 35.Rd7 Rxd7 36.Nxd7 Ne3
37.c3 g5 38.fxg5 hxg5 39.h3 Kg6 40.Ne5+ Kf6 41.Nd3 Kf5 42.Nb2 Ke4 43.Kf2 f5
44.Na4 f4 45.gxf4 gxf4 46.Nc5+ Kd5 47.Kf3 Kxc5 48.Kxf4 Nc4 49.h4 Kd5 50.h5 e5+
51.Kf5 Nd6+ 52.Kf6 Ne4+ 53.Kf7 Nd6+ 54.Kf6 Ne4+ 55.Kf7 Ng5+ 56.Kg6 Ne6 57.h6 e4
58.Kf6 Nf8 59.Kg7 Ne6+ 60.Kf6 Nf8 61.Kg7 Ne6+  1/2-1/2

[Event "Grand Open Blagoevgrad 2013"]
[Site "Blagoevgrad BUL"]
[Date "2013.09.29"]
[Round "2.1"]
[White "Saric,Iv"]
[Black "Evstatiev,G"]
[Result "1-0"]
[WhiteElo "2627"]
[BlackElo "2147"]

1.e4 c5 2.Nf3 d6 3.d4 cxd4 4.Nxd4 Nf6 5.Nc3 a6 6.Be3 e5 7.Nb3 Be6 8.f3 Nc6
9.Nd5 Bxd5 10.exd5 Nb4 11.c4 a5 12.Qd2 b6 13.Be2 Be7 14.O-O O-O 15.Nc1 Na6
16.b3 Nd7 17.a3 f5 18.Kh1 f4 19.Bg1 Rf6 20.Bd3 Rh6 21.Ne2 Nac5 22.Bc2 Nf6
23.b4 Ncd7 24.Bf5 Nh5 25.Bxd7 Qxd7 26.Bxb6 Ng3+ 27.Nxg3 fxg3 28.h3 Rf8 29.Be3 Rh4
30.c5 Rf5 31.c6 Qc8 32.Kg1 Rfh5 33.b5  1-0

[Event "XXXI Balaton Open"]
[Site "Heviz HUN"]
[Date "2013.09.29"]
[Round "7.1"]
[White "Grimm,D"]
[Black "Takacs,B"]
[Result "1/2-1/2"]
[WhiteElo "2271"]
[BlackElo "2354"]

1.e4 c5 2.Nf3 d6 3.d4 cxd4 4.Nxd4 Nf6 5.Nc3 a6 6.Be3 Ng4 7.Bg5 h6 8.Bc1 Nf6
9.f3 e5 10.Nb3 Be6 11.Be3 Be7 12.Qd2 Nbd7 13.O-O-O b5 14.Kb1 b4 15.Nd5 Bxd5
16.exd5 a5 17.Bb5 a4 18.Nc1  1/2-1/2

[Event "Oslo Int Open 2013"]
[Site "Oslo NOR"]
[Date "2013.09.29"]
[Round "4"]
[White "Getz,N"]
[Black "Elsness,F"]
[Result "1-0"]
[WhiteElo "2358"]
[BlackElo "2505"]

1.e4 c5 2.Nf3 d6 3.d4 cxd4 4.Nxd4 Nf6 5.Nc3 a6 6.Be3 e5 7.Nb3 Be7 8.h3 Be6
9.Qf3 O-O 10.O-O-O b5 11.g4 Nbd7 12.g5 Ne8 13.h4 b4 14.Nd5 a5 15.Bc4 Nc7
16.Kb1 a4 17.Nd2 Rb8 18.Nxc7 Bxc4 19.Nxc4 Qxc7 20.b3 Ra8 21.Rd5 Ra6 22.Rhd1 Rd8
23.Qe2 Nf8 24.Nxe5 axb3 25.cxb3 Rda8 26.Nc4 Rxa2 27.Qxa2 Rxa2 28.Kxa2 Ne6
29.e5 Qb8 30.exd6 Bd8 31.f4 g6 32.Ne5 Qc8 33.Nc4 f6 34.Kb2 Qd7 35.Ra1 Qc6
36.Rd2 fxg5 37.hxg5 h6 38.d7 Qe4 39.Re1 Qf5 40.Bb6  1-0

[Event "23rd EYCC Open U18 2013"]
[Site "Budva MNE"]
[Date "2013.09.30"]
[Round "2.20"]
[White "Baglan,E"]
[Black "Gordievsky,D"]
[Result "0-1"]
[WhiteElo "2024"]
[BlackElo "2455"]

1.e4 c5 2.Nf3 d6 3.d4 cxd4 4.Nxd4 Nf6 5.Nc3 a6 6.Be3 e5 7.Nb3 Be6 8.Qd2 Nbd7
9.f3 h5 10.Nd5 Bxd5 11.exd5 g6 12.Be2 Bg7 13.O-O O-O 14.c4 a5 15.Rac1 a4
16.Na1 e4 17.f4 Ng4 18.Bxg4 hxg4 19.Bd4 Bxd4+ 20.Qxd4 f5 21.Nc2 Nc5 22.Ne3 Kf7
23.g3 Nd3 24.Rc2 Qa5 25.Re2 Qc5 26.Qxc5 Nxc5 27.Nc2 Rfc8 28.Nb4 Ra5 29.Rc1 Nd3
30.Nxd3 exd3 31.Rd2 Rxd5 32.Rc3 Rd4 33.b3 b5 34.Rcxd3 Rxd3 35.Rxd3 bxc4 36.Rxd6 axb3
37.axb3 cxb3 38.Rb6 Rc1+ 39.Kf2 Rc2+ 40.Ke3 b2 41.Kd4 Rxh2 42.Rb7+ Ke6 43.Rb6+ Ke7
44.Rb7+ Kd6 45.Rb6+ Kc7 46.Rb3 Kc6 47.Ke5 Kc5 48.Kf6 Rd2 49.Kxg6 Rd6+  0-1

[Event "23rd EYCC Open U16 2013"]
[Site "Budva MNE"]
[Date "2013.09.30"]
[Round "2.31"]
[White "Skuhala,Jernej"]
[Black "Kambrath,Y"]
[Result "0-1"]
[WhiteElo "1914"]
[BlackElo "2298"]

1.e4 c5 2.Nf3 d6 3.d4 cxd4 4.Nxd4 Nf6 5.Nc3 a6 6.Be3 e5 7.Nb3 Be6 8.f3 h5
9.Qd2 Nbd7 10.h3 Be7 11.O-O-O h4 12.f4 b5 13.Bd3 Qc7 14.Kb1 Nb6 15.fxe5 dxe5
16.Bxb6 Qxb6 17.Qg5 b4 18.Ne2 Ng4 19.Qxg7 Bf6 20.Qxh8+ Bxh8 21.hxg4 Bf6 22.g3 h3
23.Rxh3 Ke7 24.Rh2 Bxg4 25.Rf1 Be6 26.Rhf2 Bg5 27.g4 a5 28.Ng3 a4 29.Nf5+ Kd7
30.Nd2 Qc5 31.Ng7 Bf4 32.Nxe6 Kxe6 33.Re2 Rh8 34.Rg2 Ke7 35.Rgf2 a3 36.Nb3 Qa7
37.c3 bxc3 38.bxa3 Rd8 39.Bc4 Qxa3 40.Rc2 Qb4 41.Bd5 Rc8 42.Rf3 Kf6 43.Rf1 Rh8
44.Rg2 Kg7 45.Rc2 Rh3 46.Rg2 Qa3 47.Rfg1 Rg3 48.Ka1 Be3  0-1

[Event "Oslo Int Open 2013"]
[Site "Oslo NOR"]
[Date "2013.09.30"]
[Round "2"]
[White "Solodovnichenko,Y"]
[Black "Hauge,Lars Oskar"]
[Result "0-1"]
[WhiteElo "2577"]
[BlackElo "2282"]

1.e4 c5 2.Nf3 d6 3.d4 cxd4 4.Nxd4 Nf6 5.Nc3 a6 6.Be3 e5 7.Nb3 Be6 8.f3 h5
9.Nd5 Bxd5 10.exd5 Nbd7 11.Be2 Be7 12.O-O h4 13.c4 Nh5 14.Qd2 O-O 15.Na5 Nf4
16.Bd1 Rb8 17.b4 Bg5 18.Kh1 Qf6 19.Rc1 Qh6 20.c5 Nf6 21.Bb3 N6h5 22.Rfe1 Ng3+
23.Kg1 Nfe2+ 24.Kf2 Bxe3+ 25.Qxe3 Nxc1 26.Qxc1 Qxc1 27.Rxc1 Nf5 28.c6 bxc6
29.Nxc6 Rb7 30.Bc4 Ra8 31.Bd3 Nd4 32.Nxd4 exd4 33.a3 Re7 34.Rc4 g6 35.a4 Rb8
36.Rxd4 Reb7 37.b5 axb5 38.Bxb5 Rc7 39.Rxh4 Rc2+ 40.Kg3 Rd2 41.Rg4 Kg7 42.Bc6 Rbb2
43.Kh3 f5 44.Rg5 Kf6 45.f4 Kf7 46.Rg3 Rf2 47.a5 Rxf4 48.a6 Ra2 49.Bb7 Rff2
50.Bc8 Rfc2 51.Bb7 Kf6 52.Re3 f4 53.Re1 Rxg2 54.Rh1 Rgc2 55.Kg4 g5 56.h3 Rg2+
57.Kh5 f3 58.Re1 Ra4  0-1

[Event "23rd EYCC Open U16 2013"]
[Site "Budva MNE"]
[Date "2013.10.01"]
[Round "3.9"]
[White "Reshef,O"]
[Black "Pen,L"]
[Result "1/2-1/2"]
[WhiteElo "2246"]
[BlackElo "2181"]

1.e4 c5 2.Nf3 d6 3.d4 cxd4 4.Nxd4 Nf6 5.Nc3 a6 6.Be3 e5 7.Nf3 Qc7 8.a4 h6
9.a5 Nbd7 10.Be2 Be7 11.O-O Nc5 12.Nd2 g5 13.Nc4 Be6 14.Nb6 Rd8 15.Ncd5 Nxd5
16.exd5 Bf5 17.c4 O-O 18.b4 Nd7 19.Rc1 Bf6 20.Bg4 Bxg4 21.Qxg4 Bg7 22.Qf5 Rfe8
23.Rfd1 Nf8 24.c5 Ng6 25.cxd6 Qxd6 26.Bc5 Qf6 27.Qxf6 Bxf6 28.d6 Nf4 29.Kf1 e4
30.d7 Re6 31.Nd5 Nd3 32.Nxf6+ Rxf6 33.Rxd3 exd3 34.Be7 Rc6 35.Rxc6 Rxd7 36.Rc8+ Kh7
37.Bxg5 hxg5 38.Ke1 Rd4 39.Rc5 Kg6 40.b5 axb5  1/2-1/2

[Event "23rd EYCC Open U16 2013"]
[Site "Budva MNE"]
[Date "2013.10.02"]
[Round "4.17"]
[White "Takacs,Las"]
[Black "Dankhazi,A"]
[Result "1/2-1/2"]
[WhiteElo "2130"]
[BlackElo "2171"]

1.e4 c5 2.Nf3 d6 3.d4 cxd4 4.Nxd4 Nf6 5.Nc3 a6 6.Be3 e5 7.Nb3 Be6 8.f3 h5
9.Qd2 Be7 10.Be2 Nbd7 11.O-O Qc7 12.a4 O-O 13.a5 Rac8 14.Rfd1 Rfd8 15.Qe1 Qc6
16.Qg3 d5 17.exd5 Nxd5 18.Nxd5 Bxd5 19.Bd3 Qe6 20.Bg5 Bxb3 21.cxb3 Bxg5 22.Qxg5 Qxb3
23.Qxh5 Nf6 24.Qf5 Qxb2 25.Bf1 Qc3 26.Rdb1 Rc7 27.Re1 Rc5 28.Kh1 e4 29.Qf4 exf3
30.Rec1 Qe5 31.Qxe5 Rxe5 32.gxf3 Rf5 33.Rc7 Rdd5 34.Rxb7 Rxa5 35.Rxa5 Rxa5
36.Ra7 Ra1 37.Kg1 a5 38.Kf2 Ra2+ 39.Kg3 Nh5+ 40.Kg4 Nf6+ 41.Kg3 Nh5+ 42.Kg4 g6
43.Kg5 Kg7 44.Rxf7+ Kxf7 45.Bc4+ Kg7 46.Bxa2 Nf6 47.Bb1 Nh7+ 48.Kf4 Kf6 49.h4 Nf8
50.Ke4 Ne6 51.Kd5 Nf4+ 52.Kc5 Ng2 53.Kb5 Nxh4 54.Bxg6 Kxg6 55.Kxa5 Nxf3  1/2-1/2

[Event "23rd EYCC Open U16 2013"]
[Site "Budva MNE"]
[Date "2013.10.02"]
[Round "4.44"]
[White "Skuhala,Jernej"]
[Black "Kuzmanovic,Aleksa"]
[Result "1-0"]
[WhiteElo "1914"]
[BlackElo "1803"]

1.e4 c5 2.Nf3 d6 3.d4 cxd4 4.Nxd4 Nf6 5.Nc3 a6 6.Be3 e5 7.Nb3 Be7 8.f3 Be6
9.Qd2 O-O 10.O-O-O a5 11.Bb5 Na6 12.Ba4 Nb4 13.a3 d5 14.exd5 Nbxd5 15.Nxd5 Nxd5
16.Kb1 Qc7 17.Rhe1 Rfd8 18.Qf2 Qc4 19.Bb6 Nxb6 20.Qxb6 Qxa4 21.Rxd8+ Rxd8
22.Qxb7 Qd7 23.Qxd7 Rxd7 24.Nxa5 Rd2 25.Nc6 Bd6 26.g4 Bd5 27.Kc1 Rf2 28.Rd1 Bxf3
29.Rxd6 Rf1+ 30.Kd2 Rd1+ 31.Ke3 Rxd6 32.Nxe5 Bb7 33.c4 f6 34.Nd3 Kf7 35.b4 Bc8
36.a4 Bxg4 37.a5 Bd7 38.Nc5 Ke7 39.b5 Bxb5 40.cxb5 Rd5 41.a6  1-0

[Event "23rd EYCC Open U18 2013"]
[Site "Budva MNE"]
[Date "2013.10.03"]
[Round "5.3"]
[White "Chigaev,M"]
[Black "Kriebel,T"]
[Result "1-0"]
[WhiteElo "2480"]
[BlackElo "2365"]

1.e4 c5 2.Nf3 d6 3.d4 cxd4 4.Nxd4 Nf6 5.Nc3 a6 6.Be3 e5 7.Nb3 Be7 8.h3 Be6
9.Qf3 Nbd7 10.g4 Nb6 11.O-O-O Rc8 12.g5 Nfd7 13.Bxb6 Nxb6 14.h4 O-O 15.Bh3 Kh8
16.Nd2 Qd7 17.Kb1 Qc6 18.Qd3 Rcd8 19.Nf3 Qc5 20.Qe3 Qa5 21.Nd2 Na4 22.Nxa4 Qxa4
23.Nb3 Rc8 24.Bf5 Qc4 25.c3 b5 26.h5 Bxf5 27.exf5 Qg4 28.f6 gxf6 29.g6 fxg6
30.hxg6 Qxg6+ 31.Ka1 Rg8 32.Rh6 Qf7 33.Rdh1 Rg7 34.f4 Rcg8 35.f5 Rg3 36.Qa7 Qg7
37.Rxh7+ Qxh7 38.Rxh7+ Kxh7 39.a3 R8g7 40.Qxa6 d5 41.Qa8 Rd3 42.Ka2 e4 43.Qe8 Rh3
44.Nd4 e3 45.Ne6 e2 46.Nxg7 e1=Q 47.Ne6 Qg3 48.Qxe7+ Kh6 49.Qxf6+ Kh5 50.Qf7+ Kg4
51.Qg6+ Kh4 52.Qh6+ Kg4 53.Qg5+ Kf3 54.f6 Qc7 55.Nxc7  1-0

[Event "39th National ch-BAN"]
[Site "Dhaka BAN"]
[Date "2013.10.04"]
[Round "12.3"]
[White "Minhazuddin,A"]
[Black "Chatterjee,D"]
[Result "1/2-1/2"]
[WhiteElo "2377"]
[BlackElo "2249"]

1.e4 c5 2.Nf3 d6 3.d4 cxd4 4.Nxd4 Nf6 5.Nc3 a6 6.Be3 e5 7.Nf3 Be7 8.Bc4 O-O
9.O-O Be6 10.Qe2 Bxc4 11.Qxc4 Nbd7 12.Rfd1 Rc8 13.Qe2 Qc7 14.Nd2 b5 15.a3 h6
16.Qf3 Rfe8 17.Nf1 Bf8 18.Rd3 d5 19.Nxd5 Qxc2 20.Nxf6+ Nxf6 21.Rad1 Re6 22.b4 Rc3
23.Rd8 Qxe4 24.Qxe4 Nxe4 25.Ra8 Rd6 26.Rxd6 Nxd6 27.Bc5 Rd3 28.f3 f6 29.Kf2 Kf7
30.Rxa6 Nc8 31.Ke2 Rd8 32.Ra5 Bxc5 33.bxc5 Ne7 34.Rxb5 Ra8 35.Rb7 Rxa3 36.Ne3 Ke6
37.h4 Ra5 38.c6 Nxc6 39.Rxg7 Nd4+ 40.Kf1 Nf5 41.Nxf5 Kxf5 42.h5 e4 43.Kf2 exf3
44.Kxf3 Ke6 45.g4 f5 46.gxf5+ Kxf5 47.Rg6 Ra3+ 48.Kg2 Ra2+ 49.Kh3 Ra3+ 50.Kh4 Ra4+
51.Kh3 Ra3+ 52.Kh4 Ra4+ 53.Kh3  1/2-1/2

[Event "Frauenbundesliga 2013-14"]
[Site "Germany GER"]
[Date "2013.10.06"]
[Round "2.5"]
[White "Padurariu,I"]
[Black "Lehmann,Christina"]
[Result "1-0"]
[WhiteElo "2192"]
[BlackElo "2085"]

1.e4 c5 2.Nf3 d6 3.d4 cxd4 4.Nxd4 Nf6 5.Nc3 a6 6.Be3 e6 7.f3 b5 8.Qd2 Bb7
9.O-O-O Qc7 10.g4 Nfd7 11.g5 Nb6 12.Bd3 N8d7 13.Qf2 Nc4 14.Bxc4 Qxc4 15.Kb1 Rc8
16.Nb3 Qc7 17.Rhe1 Be7 18.h4 Bc6 19.Bd4 e5 20.Be3 a5 21.Nd5 Bxd5 22.Rxd5 a4
23.Nc1 Rb8 24.Nd3 b4 25.Rc1 O-O 26.b3 f5 27.Qe1 fxe4 28.fxe4 Rf3 29.Nb2 a3
30.Nc4 Nc5 31.Bxc5 dxc5 32.Qd1 Rbf8 33.Rd7 Qc8 34.Nxe5 Rf2 35.Qd5+ Kh8 36.Rxe7 Qh3
37.Nf7+ Kg8 38.Nh6+ Kh8 39.Nf7+ Kg8 40.g6 Qxh4 41.Ne5+ Kh8 42.Rf7  1-0

[Event "23rd EYCC Open U16 2013"]
[Site "Budva MNE"]
[Date "2013.10.07"]
[Round "8.5"]
[White "Khegay,D"]
[Black "Christiansen,Johan-Sebastian"]
[Result "1-0"]
[WhiteElo "2327"]
[BlackElo "2218"]

1.e4 c5 2.Nf3 d6 3.d4 cxd4 4.Nxd4 Nf6 5.Nc3 a6 6.Be3 e5 7.Nf3 Be7 8.Bc4 O-O
9.O-O Nc6 10.Bb3 Bg4 11.h3 Bh5 12.g4 Bg6 13.Nh4 Na5 14.Nxg6 hxg6 15.Qd3 Qd7
16.f3 b5 17.Rad1 Rac8 18.Nd5 Nxd5 19.Bxd5 Nc4 20.Bc1 Nb6 21.c3 Nxd5 22.Qxd5 Qa7+
23.Kg2 g5 24.Rh1 Qc5 25.Qxc5 Rxc5 26.Rd3 Rfc8 27.Kf2 f6 28.Be3 Rc4 29.Bd2 Kf7
30.b3 R4c6 31.Ra1 Rb8 32.b4 a5 33.bxa5 Ra8 34.Rd5 Rc5 35.c4 bxc4 36.Rxc5 dxc5
37.Rc1 Bd8 38.Rxc4 Be7 39.Ke2 Ke6 40.Ra4 Kd7 41.Kd3 Ra6 42.Kc4 Kc6 43.Ra3 Ra7
44.Rb3 Rd7 45.Be3 Rd1 46.a6 Rd7 47.Rb7 Rxb7 48.axb7 Kxb7 49.Bxc5 Bd8 50.Kb5 g6
51.a4 Kb8 52.a5 Kb7 53.a6+ Kb8 54.Kc6 Ba5 55.Kd7 Bd2 56.Ke6 Ka8 57.Kxf6 Bf4
58.Kxg6 Kb8 59.Be7  1-0

[Event "7th Univ Cent Open 2013"]
[Site "Bogota COL"]
[Date "2013.10.10"]
[Round "2.67"]
[White "Bautista Chiquillo,Leidy"]
[Black "Garcia Guevara,Nicolas"]
[Result "0-1"]
[WhiteElo "1505"]
[BlackElo "1780"]

1.e4 c5 2.Nf3 d6 3.d4 cxd4 4.Nxd4 Nf6 5.Nc3 a6 6.Be3 Bg4 7.Be2 Bxe2 8.Qxe2 e6
9.f4 Nbd7 10.O-O-O Be7 11.Nb3 Qc7 12.g4 h6 13.g5 hxg5 14.fxg5 Nh5 15.Rde1 O-O-O
16.Ref1 Ne5 17.Qf2 Ng4 18.Bb6 Nxf2 19.Bxc7 Bxg5+ 20.Kb1 Nxh1 21.Bxd8 Kxd8
22.Rxh1 Ng3 23.Rg1 Rxh2 24.a3 Rh1 25.Rxh1 Nxh1 26.Nd4 Bf6 27.Nce2 Nf2 28.Kc1 Bxd4
29.Nxd4 Ke7 30.Kd2  0-1

[Event "7th Univ Cent Open 2013"]
[Site "Bogota COL"]
[Date "2013.10.10"]
[Round "2.49"]
[White "Mena,Yamil Octavio"]
[Black "Rozo,Claudia Magally"]
[Result "1-0"]
[WhiteElo "2026"]
[BlackElo "1499"]

1.e4 c5 2.Nf3 d6 3.d4 cxd4 4.Nxd4 Nf6 5.Nc3 a6 6.Be3 e6 7.f3 Be7 8.Qd2 Qc7
9.O-O-O Nbd7 10.g4 Ne5 11.g5 Nfd7 12.h4 b5 13.Bh3 Nc4 14.Qe2 Nxe3 15.Qxe3 Ne5
16.Kb1 Bd7 17.h5 Rb8 18.Qc1 b4 19.Nce2 Qc8 20.f4 Nc4 21.Ka1 h6 22.g6 fxg6  1-0

[Event "TCh-ISL Div1 2013-14"]
[Site "Reykjavik ISL"]
[Date "2013.10.10"]
[Round "1.2"]
[White "Jonsson,Bjorn2"]
[Black "Bekker Jensen,S"]
[Result "0-1"]
[WhiteElo "2028"]
[BlackElo "2420"]

1.e4 c5 2.Nf3 d6 3.d4 cxd4 4.Nxd4 Nf6 5.Nc3 a6 6.Be3 e5 7.Nb3 Be6 8.f3 Be7
9.Qd2 O-O 10.O-O-O a5 11.Bb5 Na6 12.Kb1 Qb8 13.g4 Nc7 14.g5 Nh5 15.a4 Rc8
16.Rhg1 Nxb5 17.Nxb5 Ra6 18.Nc3 Rac6 19.Rc1 Rxc3 20.bxc3 b5 21.axb5 a4 22.b6 axb3
23.cxb3 Bxb3 24.Qb2 Bc4 25.Rgd1 Nf4 26.Bxf4 exf4 27.Kc2 Ba6 28.Rd5 Bb7 29.Rb5 g6
30.h4 Bf8 31.Kd2 Bg7 32.Qb3 Rc6 33.Ra5 Qd8 34.Rb5 Qc8 35.c4 Bd4 36.Rc2 Qh3
37.Qd3 Bxb6 38.Rcb2 Be3+ 39.Kc3 Ba6 40.Rb8+ Kg7 41.R2b4 Qxh4 42.e5 Qxg5 43.exd6 Qe5+
44.Kb3 Rxd6 45.Qc2 h5 46.c5 Rd3+  0-1

[Event "7th Univ Cent Open 2013"]
[Site "Bogota COL"]
[Date "2013.10.11"]
[Round "3.6"]
[White "Orozco,Lu"]
[Black "Sanchez Enriquez,O"]
[Result "0-1"]
[WhiteElo "2080"]
[BlackElo "2397"]

1.e4 c5 2.Nf3 d6 3.d4 cxd4 4.Nxd4 Nf6 5.Nc3 a6 6.Be3 e5 7.Nb3 Be6 8.f3 h5
9.h4 Nbd7 10.Qd2 Rc8 11.O-O-O Qc7 12.Kb1 b5 13.g3 Nb6 14.Qf2 Rb8 15.Ka1 Be7
16.Be2 b4 17.Nb1 Nc4 18.Bg5 a5 19.N3d2 Nxd2 20.Rxd2 a4 21.Qe3 a3 22.b3 d5
23.exd5 Nxd5 24.Qd3 f6 25.Be3 Nxe3 26.Qxe3 Bc5 27.Qe4 f5 28.Qd3 Bd4+ 29.c3 bxc3
30.Rc2 O-O 31.f4 Qc5 32.Rd1 Rfd8 33.fxe5 Bxe5 34.Qa6 Bf7 35.Rf1 Ra8 36.Qb5 Qxb5
37.Bxb5 g6 38.Re2 Bf6 39.Rc2 Ra5 40.Ba4 Re5 41.Nxa3 Re3 42.Nc4 Rxg3 43.Bc6 Rc8
44.Bb5 Bd5 45.Nd6 Rd8 46.Ne8 Be5 47.Rd1 Be4 48.Bc4+ Kf8  0-1

[Event "7th Univ Cent Open 2013"]
[Site "Bogota COL"]
[Date "2013.10.11"]
[Round "4.35"]
[White "Castrillon Gomez,M"]
[Black "Argote Heredia,Valentina"]
[Result "1-0"]
[WhiteElo "2143"]
[BlackElo "1861"]

1.e4 c5 2.Nf3 d6 3.d4 cxd4 4.Nxd4 Nf6 5.Nc3 a6 6.Be3 e6 7.g4 b5 8.Bg2 Bb7
9.g5 Nfd7 10.Qe2 Nb6 11.f4 N8d7 12.Nd1 d5 13.e5 Nc4 14.f5 exf5 15.e6  1-0

[Event "TCh-BEL 2013-14"]
[Site "Belgium BEL"]
[Date "2013.10.13"]
[Round "3.4"]
[White "Gulbas,C"]
[Black "Van der Stricht,G"]
[Result "0-1"]
[WhiteElo "2377"]
[BlackElo "2371"]

1.e4 c5 2.Nf3 d6 3.d4 cxd4 4.Nxd4 Nf6 5.Nc3 a6 6.Be3 e5 7.Nb3 Be7 8.f3 Be6
9.Qd2 h5 10.O-O-O Nbd7 11.g3 b5 12.Nd5 Bxd5 13.exd5 Nb6 14.f4 e4 15.Bxb6 Qxb6
16.Bg2 Ng4 17.Bxe4 Nf2 18.Rde1 Nxh1 19.Bxh1 Kf8 20.Nd4 Bf6 21.Nc6 Re8 22.Be4 Qc5
23.Qd3 Qf2 24.Qe2 Qxe2 25.Rxe2 h4 26.g4 g5 27.fxg5 Bxg5+ 28.Kd1 h3 29.Nb4 Rh4
30.Bf3 Rxe2 31.Kxe2 f5 32.Nxa6 fxg4 33.Bh1 Bf4  0-1

[Event "12th Istanbul Open A 2013"]
[Site "Istanbul TUR"]
[Date "2013.10.16"]
[Round "6.9"]
[White "Zengin,S"]
[Black "Sevinc,M"]
[Result "1-0"]
[WhiteElo "2020"]
[BlackElo "1933"]

1.e4 c5 2.Nf3 d6 3.d4 cxd4 4.Nxd4 Nf6 5.Nc3 a6 6.Be3 e5 7.Nb3 Nc6 8.Qd2 Be6
9.O-O-O Be7 10.f3 b5 11.Nd5 Bxd5 12.exd5 Nb8 13.g4 O-O 14.g5 Nh5 15.Kb1 Nd7
16.Na5 f5 17.gxf6 Bxf6 18.Nc6 Qc7 19.Bh3 Nf4 20.Bxf4 exf4 21.Be6+ Kh8 22.Rhg1 Ne5
23.Qxf4 Nc4 24.Nd4 Be5 25.Qg5 Rf4 26.Nc6 Rxf3 27.Ne7 g6 28.Qh4 Rf6 29.Nxg6+ Rxg6
30.Rxg6 Ne3 31.Rd2 Rf8 32.Rg1 Bg7 33.Qe1 Qc5 34.Rf2 Rf4 35.Rxg7 Kxg7 36.Rxf4 Qxc2+
37.Ka1 Qxh2 38.Qc3+  1-0

[Event "SPICE Cup Open 2013"]
[Site "St Louis USA"]
[Date "2013.10.16"]
[Round "3.9"]
[White "Robson,R"]
[Black "Banawa,Jou"]
[Result "1-0"]
[WhiteElo "2628"]
[BlackElo "2305"]

1.e4 c5 2.Nf3 d6 3.d4 cxd4 4.Nxd4 Nf6 5.Nc3 a6 6.Be3 e5 7.Nb3 Be6 8.h3 Be7
9.f4 exf4 10.Bxf4 Nc6 11.Qe2 a5 12.O-O-O a4 13.Nc5 a3 14.Nxb7 axb2+ 15.Kb1 Qc7
16.Nxd6+ Bxd6 17.Bxd6 Qa5 18.Qe3 Nd7 19.Bb5 Rc8 20.Rd5 Qd8 21.Rhd1 f6 22.Ba3 Qa5
23.Bxc6 Qxa3 24.Bxd7+ Bxd7 25.Rxd7 Rxc3 26.Rd8+ Kf7 27.R1d7+ Kg6 28.Qe2 Rxd8
29.Qg4+ Kh6 30.Qxg7+ Kh5 31.Qxh7+ Kg5 32.Qf5+  1-0

[Event "SPICE Cup Open 2013"]
[Site "St Louis USA"]
[Date "2013.10.17"]
[Round "5.16"]
[White "Chandra,Akshat"]
[Black "Liang,Awonder"]
[Result "1-0"]
[WhiteElo "2318"]
[BlackElo "2207"]

1.e4 c5 2.Nf3 d6 3.d4 cxd4 4.Nxd4 Nf6 5.Nc3 a6 6.Be3 e5 7.Nb3 Be6 8.h3 h5
9.f4 Qc7 10.f5 Bc4 11.Qf3 b5 12.a3 Nbd7 13.Nd2 Bxf1 14.Nxf1 Qb7 15.Bg5 Rc8
16.Bxf6 Nxf6 17.Ne3 Be7 18.O-O Bd8 19.Ned5 Nxd5 20.Nxd5 Rxc2 21.Rac1 Qc8
22.Rxc2 Qxc2 23.f6 g6 24.Rf2 Qc8 25.b4 Qc6 26.Kh2 Bb6 27.Rf1 Ba7 28.h4 O-O
29.Kh3 Kh7 30.Rd1 Qc4 31.g4 hxg4+ 32.Kxg4 Qc2 33.h5 gxh5+ 34.Kh3 Qc8+ 35.Kh4 Qg4+
36.Qxg4 hxg4  1-0

[Event "SPICE Cup Open 2013"]
[Site "St Louis USA"]
[Date "2013.10.19"]
[Round "8.14"]
[White "Chandra,Akshat"]
[Black "Eckert,D"]
[Result "1/2-1/2"]
[WhiteElo "2318"]
[BlackElo "2247"]

1.e4 c5 2.Nf3 d6 3.d4 cxd4 4.Nxd4 Nf6 5.Nc3 a6 6.Be3 e5 7.Nb3 Be6 8.h3 Nbd7
9.f4 Rc8 10.f5 Bxb3 11.axb3 Rxc3 12.bxc3 Nxe4 13.Qf3 Qh4+ 14.Bf2 Nxf2 15.g3 Qe4+
16.Kxf2 Qxc2+ 17.Be2 e4 18.Qe3 d5 19.b4 Bd6 20.Rhd1 Bc7 21.Kg2 Bb6 22.Qd2 Qxd2
23.Rxd2 Nf6 24.g4 h6 25.Bd1 O-O 26.Bb3 Rd8 27.Rad1 Be3 28.Re2 Bf4 29.Kf2 Kh7
30.Rc2 h5 31.Rg1 hxg4 32.hxg4 Kh6 33.g5+ Bxg5 34.Kf1 Nh5 35.Rcg2 Be3 36.Rh1 g6
37.Bd1 Rc8 38.fxg6 fxg6 39.Bxh5 gxh5 40.Rgh2 Rxc3 41.Rxh5+ Kg6 42.Rxd5  1/2-1/2